College algebra / (Record no. 12322)
[ view plain ]
| 000 -LEADER | |
|---|---|
| fixed length control field | 00182nam a22000857a 4500 |
| 020 ## - INTERNATIONAL STANDARD BOOK NUMBER | |
| International Standard Book Number | 0536677697 |
| 050 ## - LIBRARY OF CONGRESS CALL NUMBER | |
| Classification number | QA 154.3 .C6 2002 |
| 245 ## - TITLE STATEMENT | |
| Title | College algebra volume 1 |
| 942 ## - ADDED ENTRY ELEMENTS (KOHA) | |
| Source of classification or shelving scheme | Library of Congress Classification |
| Koha item type | General circulation |
| Withdrawn status | Lost status | Source of classification or shelving scheme | Damaged status | Not for loan | Home library | Current library | Shelving location | Date acquired | Total Checkouts | Full call number | Barcode | Date last seen | Price effective from | Koha item type |
|---|---|---|---|---|---|---|---|---|---|---|---|---|---|---|
| Library of Congress Classification | Kitui Town Campus Library | Kitui Town Campus Library | General Stacks | 30/03/2016 | QA 154.3 .C6 2002 | 2016/013110 | 30/03/2016 | 30/03/2016 | General circulation |